A Tanácsköztársaság leverése után filminterjú Lukács Györggyel
Elmentve itt :
| Szerző: | |
|---|---|
| Adatforrás: | Philobibl |
| Forrásdokumentuma: | Élet és Irodalom 1975:31. 5. p. |
| Dokumentumtípus: | Cikk |
| Nyelv: | magyar |
| Kulcsszavak: | Tanácsköztársaság Lukács György |
| Online elérés: | előfizetéssel hozzáférhető |
| LEADER | 00528nab a2200133 c 4500 | ||
|---|---|---|---|
| 001 | bibPHI0038639 | ||
| 005 | 20231003113701.9 | ||
| 008 | 100615s1975 hu hun | ||
| 100 | 1 | |a Garai Tibor | |
| 245 | 1 | 2 | |a A Tanácsköztársaság leverése után |b filminterjú Lukács Györggyel |c Garai Tibor |
| 695 | |a Tanácsköztársaság | ||
| 695 | |a Lukács György | ||
| 773 | 0 | |t Élet és Irodalom |g 1975:31. 5. p. | |
| 856 | 4 | 1 | |3 Full text |u https://adt.arcanum.com/hu/view/EletesIrodalomIrodalmiUjsag_1975_2/?pg=68&layout=s |z előfizetéssel hozzáférhető |